Statistics for One Letter Homophones

Click here to take the quiz!

General Stats

  • This quiz has been taken 91 times
  • The average score is 11 of 12

Answer Stats

LetterAlike Sounds% Correct
BBee
100%
PPee
100%
JJay
99%
CSee
99%
KKay
98%
YWhy
98%
UYou
97%
IEye
95%
OOh
93%
RAre
92%
QQueue
84%
NAnd
18%

Score Distribution

Percentile by Number Answered

Percent of People with Each Score

Your Score History

You have not taken this quiz